| 000 | 01336cam a22003014a 4500 | ||
|---|---|---|---|
| 001 | 4996249 | ||
| 005 | 20230321142921.0 | ||
| 008 | 990629s1999 nyua b 001 0 eng | ||
| 010 | _a 99036682 | ||
| 020 | _a0306462834 | ||
| 040 |
_aDLC _cDLC _dDLC |
||
| 042 | _apcc | ||
| 050 | 0 | 0 |
_aTL671 _b.F38 1999 |
| 082 | 0 | 0 |
_a519 _221 _bFER |
| 100 | 1 |
_aFerreres, Gilles. _9110921 |
|
| 245 | 1 | 2 |
_aA practical approach to robustness analysis with aeronautical applications / _cGilles Ferreres. |
| 260 |
_aNew York : _bKluwer Academic, _cc1999. |
||
| 300 |
_axxv, 205 p. : _bill. ; _c26 cm. |
||
| 504 | _aIncludes bibliographical references (p. 197-202) and index. | ||
| 650 | 0 |
_aAeronautics _xSystems engineering _xMathematics. _9110922 |
|
| 650 | 0 |
_aAirplanes _xReliability _xMathematical models. _9110923 |
|
| 856 | 4 | 2 |
_3Publisher description _uhttp://www.loc.gov/catdir/enhancements/fy0820/99036682-d.html |
| 856 | 4 | 1 |
_3Table of contents only _uhttp://www.loc.gov/catdir/enhancements/fy0820/99036682-t.html |
| 906 |
_a7 _bcbc _corignew _d1 _eocip _f19 _gy-gencatlg |
||
| 942 |
_2ddc _cBK |
||
| 999 |
_c593965 _d593965 |
||